Statistics for Top 5 Richest and poorest Countries In The Americas

Click here to take the quiz!

General Stats

  • This quiz has been taken 35 times
  • The average score is 8 of 10

Answer Stats

$Answer% Correct
$57.810Canada
97%
$3.190Haiti
94%
$76.020United States
94%
$6.740Honduras
82%
$7.070Nicaragua
82%
$36.090Panama
82%
$30.000Chile
79%
$7.140Belize
73%
$5.960Venezuela
73%
$40.280Bahamas
70%

Score Distribution

Percentile by Number Answered

Percent of People with Each Score

Your Score History

You have not taken this quiz